Statistics for Top 5 Countries that produce ... #5

Click here to take the quiz!

General Stats

  • This quiz has been taken 91 times
  • The average score is 26 of 30

Answer Stats

Answer% Correct
China
100%
China
100%
China
100%
China
100%
United States
100%
United States
100%
United States
100%
India
99%
India
99%
Italy
95%
Italy
95%
Brazil
94%
France
94%
France
94%
Russia
93%
Spain
91%
Germany
86%
Germany
86%
Germany
86%
Germany
86%
Japan
86%
Japan
86%
Japan
86%
Portugal
86%
Bangladesh
69%
South Korea
69%
Vietnam
69%
Morocco
65%
Tunisia
40%
Finland
39%

Score Distribution

Percentile by Number Answered

Percent of People with Each Score

Your Score History

You have not taken this quiz